Similarities in stress-strain-curve and electrical conductivity- mechanical deformation dependence for elastomers and thermoplastics (Record no. 75277)

MARC details
000 -LEADER
fixed length control field 00518nam a22001577a 4500
100 ## - MAIN ENTRY--AUTHOR NAME
Personal name Chodak, I
245 ## - TITLE STATEMENT
Title Similarities in stress-strain-curve and electrical conductivity- mechanical deformation dependence for elastomers and thermoplastics
260 ## - PUBLICATION, DISTRIBUTION, ETC. (IMPRINT)
Name of publisher Kautschuk Gummi Kunststoffe, 76(2): 2023. 72-77.
300 ## - PHYSICAL DESCRIPTION
Other physical details April
650 ## - SUBJECT ADDED ENTRY--TOPICAL TERM
Topical Term Conductive composites
650 ## - SUBJECT ADDED ENTRY--TOPICAL TERM
Topical Term Online measurements
650 ## - SUBJECT ADDED ENTRY--TOPICAL TERM
Topical Term Electrical conductivity
650 ## - SUBJECT ADDED ENTRY--TOPICAL TERM
Topical Term Mechanical deformation
700 ## - ADDED ENTRY--PERSONAL NAME
Personal name Peidayesh, H
942 ## - ADDED ENTRY ELEMENTS (KOHA)
Koha item type Journals
Holdings
Withdrawn status Lost status Damaged status Not for loan Home library Current library Date acquired Koha item type
        RRII Library RRII Library 24/05/2024 Journals